MDQL
is popping MORE tags! Check the
thread
!
Quizzes
Events
Quiz Creation
Community
Videos
Private Events
Remove Ads
Sign In
Join for FREE
Feedback
Dark Mode
Quiz Categories
Sports
Geography
Music
Movies
Television
Just For Fun
Miscellaneous
History
Literature
Language
Science
Gaming
Entertainment
Religion
Holiday
For Kids
Quiz Lab
Recent
Popular Today
Quiz Kudos Today
Editor Picks
Curator Picks
Quizzes by...
Day
Popularity
Type
Ratings
Length
Year
Community
Subscriptions
Recent Discussions
Orange Saloon
Badges
Playlists
Quests
Create
Leaderboards
Showdown
Live 5
Trivia Bingo
Activity
Puzzle Library
Sporcle Events
Private Events
Virtual Trivia
Globe League
Become a Host
Pub Owners
SporcleCon
Opinionation
Our Games
Videos
Blog
Mobile Apps
Partnerships
Remove Ads and Go Orange
Feedback
Television
TV Characters
TV Show
Sitcom
Network
Friends
Reality Shows
Cast
South Park
Star Trek
The Simpsons
Doctor Who
Television
TV Characters
TV Show
Sitcom
Network
Friends
Reality Shows
Cast
South Park
Star Trek
The Simpsons
Doctor Who
Random Quiz
Search Sporcle
×
Quiz Lab
Quiz Lab
Television
Athletes
Type in answers that appear in a list
Type in answers that appear in a list
Classic
Best Score? Go Orange.
SNL Hosts (Professional Atheletes) Stats
Can you name the SNL hosts that were professional atheletes based on the sport they played?
By
wilsonhubbell
4m
27 Questions
470 Plays
470 Plays
470 Plays
Comments
Comments
Give Quiz Kudos
Give Quiz Kudos
-
- Ratings
hide this ad
Replay
Link that replays current quiz
Next Quiz
Link to next quiz in quiz playlist
You Got
0%
They Got
Avg Score
42%
Avg Friend Score
Upgrade to see
Score Distribution
Jump to the score distribution portion of the page
Score
0/27
Timer
04:00
0
Plays Today
% Correct
Peyton Manning
88.3%
Michael Jordan
84.5%
Michael Phelps
84.5%
Lance Armstrong
80.4%
Wayne Gretzky
76.6%
Dwayne 'The Rock' Johnson
74.3%
Tom Brady
73.6%
Derek Jeter
71.3%
LeBron James
66.2%
Deion Sanders
66%
Charles Barkley
55.3%
Hulk Hogan
51.3%
Jeff Gordon
46.8%
Joe Montana
44%
% Correct
Andy Roddick
39.4%
Nancy Kerrigan
36%
George Foreman
35.1%
Chris Evert
17%
Walter Payton
16.4%
O.J. Simpson
11.3%
Jonny Moseley
9.6%
Fran Tarkenton
8.7%
Bill Russell
6.4%
John Madden
4.9%
Jason Lee
4.3%
Bob Uecker
2.1%
Tony Danza
1.7%
Quiz Playlist
Details
Report
Send in Message
Add To Playlist
Classic:
Type in answers that appear in a list
Quiz Source
Last Updated: Feb 16, 2017
Quiz Scoreboard
CHALLENGE
Sign Up to Join the Scoreboard
Show All
Scores
Hide
Comments
May contain spoilers
Recently Published
Find the 'City' Movie
by crazypaving
Movies
60s
5x2 Blitz: Bands
by SL_Kpop136
Music
30s
Colored Red Africa Blitz
by spor1
Geography
30s
More to Explore
Quiz From the Vault
Featured Blog Post
14 Easter Pick-up Lines to Find Eggs With
hide this ad
You Might Also Like...
Tags
Athletes Quiz
host
professional
snl
Today's Top Quizzes in Television
Browse Television
hide this ad
Today's Top Quizzes in Athletes
Browse Athletes
Top Contributed Quizzes in Television
1
Survivor Journey Challenge
2
Brooklyn Nine Nine Logic Puzzle (How-To-Play)
3
Total Drama Characters
4
Phoebe Buffay Quotes
5
Survivor Trivia
6
Survivor Logic Puzzle: Heroes vs. Villains
7
Emmerdale Characters (from August 2012)
8
One Tree Hill Logic Puzzle
9
Adjectives in 00s TV Shows
10
All US Survivor Seasons in Order
Explore More
Trending Topics
Disney
Kpop
NBA
Marvel
Harry Potter
Anime
Crossword
WWE
Puzzle
Soccer
NFL
The Office
Country
Pokémon
Song
hide this ad
More By:
wilsonhubbell
Quiz
Plays
Rating
Category
Featured
Created
Scientists Missing a Letter
53,283
4.64
Science
Jun 21, 2010
Ends in 'Z' (A-Z)
36,090
4.06
Language
Nov 7, 2009
I Bet U Think These Songs Are About U
33,583
3.18
Music
Jul 19, 2010
Things Sporcle Taught Me How To Spell
33,436
4.44
Miscellaneous
Jul 28, 2010
Missing Word: Album Titles II
29,587
4.32
Just For Fun
Mar 5, 2010
Go to Creator's Profile
Score Distribution
Quiz Creator Spotlight
wilsonhubbell
Follow
Send a Message
Quizzes Created
-
Created Quiz Play Count
-
More By This Creator
Popular Quizzes Today
1
Colored Red Africa Blitz
2
Find the 'City' Movie
3
Find the US States - No Outlines Minefield
4
5x2 Blitz: Bands
5
The Countries of the World
6
Find the US States
7
Find the Countries of Europe - No Outlines Minefield
8
US States
More Television Quizzes
Friends Slot Machine
Published
Trending Quizzes
Colored Red Europe Blitz I
Colored Red Africa Blitz II
Colored Red Europe Blitz II
Colored Red Europe Blitz III
Colored Red Africa Blitz III
Recently Updated
How Do You Spell That?
pecheneg
Godzilla Movies
pecheneg
Grab Bag: 4-10 Letters
pecheneg
2024 March Madness Bracket
pecheneg
Famous TV Couples
Peacemaker
Champions League XIs: Real Madrid
pecheneg
Largest US Cities 1790-2010
pecheneg
Rides in Walt Disney World
pecheneg
Most Oscar Losses (Acting)
pecheneg
Beyoncé Albums
pecheneg
Trending Topics
Harry Potter
Anime
NBA
Crossword
Disney
Kpop
Marvel
Soccer
WWE
Song
Puzzle
Pokémon
The Office
NFL
Country
Your Account Isn't Verified!
In order to create a playlist on Sporcle, you need to verify the email address you used during registration. Go to your
Sporcle Settings
to finish the process.
Report this User
Report this user for behavior that violates our
Community Guidelines
.
Details:
Send Report
Go to the Sporcle.com Mobile Site →
Comments